| 000 | 00801nam a22002177a 4500 | ||
|---|---|---|---|
| 999 |
_c17287 _d17287 |
||
| 003 | AR-CdUCM | ||
| 008 | 190508b ||||| |||| 00| 0 spa d | ||
| 040 |
_aMUNICIPALIDAD PROVINCIAL DEL CUSCO _cBIBLIOTECA MUNICIPAL DEL CUSCO |
||
| 082 |
_a940.53 / _bE33 |
||
| 100 |
_aEisenhower, Dwight D. _937199 |
||
| 245 |
_aHistoria de la guerra : _bDesde la invasión hasta la victoria / |
||
| 260 |
_aBarcelona : _bMateu, _c1963. |
||
| 300 |
_a345 páginas ; _c19 cm. |
||
| 505 | _aContenido : Nombramiento de jefe supremo de las fuerzas expedicionarias aliadas -- Prefacio -- Sumario de las operaciones en el noroeste de Europa ... | ||
| 650 |
_aGuerra _91007 |
||
| 650 |
_aHistoria _9136 |
||
| 650 |
_aEuropa _91221 |
||
| 700 |
_aVallé, J. _937200 |
||
| 942 |
_2ddc _cLIBROS |
||
| 945 |
_arah _d08/05/2019 |
||